খ্রীষ্টানদের জন্য ব্যবহারিক আইন পরিচিতি / (Record no. 7089)
[ view plain ]
| 000 -LEADER | |
|---|---|
| fixed length control field | 01058nam a22002057a 4500 |
| 003 - CONTROL NUMBER IDENTIFIER | |
| control field | BUBTL |
| 008 - FIXED-LENGTH DATA ELEMENTS--GENERAL INFORMATION | |
| fixed length control field | 230913b ||||| |||| 00| 0 eng d |
| 041 ## - LANGUAGE CODE | |
| Language code of text/sound track or separate title | ben |
| 082 ## - DEWEY DECIMAL CLASSIFICATION NUMBER | |
| Classification number | 346.54015/ R817c/ 2007 |
| 100 ## - MAIN ENTRY--PERSONAL NAME | |
| 9 (RLIN) | 5461 |
| Personal name | রোজারিও, আলবাট টমাস |
| 245 ## - TITLE STATEMENT | |
| Title | খ্রীষ্টানদের জন্য ব্যবহারিক আইন পরিচিতি / |
| Statement of responsibility, etc. | আলবাট টমাস রোজারিও |
| 260 ## - PUBLICATION, DISTRIBUTION, ETC. (IMPRINT) | |
| Place of publication, distribution, etc. | ঢাকা : |
| Name of publisher, distributor, etc. | বাংলাদেশ কাথলিক বিশপ সম্মিলনীর ন্যায় ও শান্তি কমিশন ও কারিতাস বাংলাদেশ, |
| Date of publication, distribution, etc. | c2007 |
| 300 ## - PHYSICAL DESCRIPTION | |
| Extent | xvi, 447 p.: |
| Other physical details | ills. ; |
| Dimensions | 22 cm. |
| 505 ## - FORMATTED CONTENTS NOTE | |
| Formatted contents note | খ্রীষ্টানদের জন্য ব্যবহারিক আইন পরিচিতি, আলবাট টমাস রোজারিও, Law |
| 526 ## - STUDY PROGRAM INFORMATION NOTE | |
| Program name | Law |
| 650 #0 - SUBJECT ADDED ENTRY--TOPICAL TERM | |
| 9 (RLIN) | 26 |
| Topical term or geographic name as entry element | Law |
| 856 ## - ELECTRONIC LOCATION AND ACCESS | |
| Password | 0 |
| Logon | 0 |
| Link text | Download |
| 942 ## - ADDED ENTRY ELEMENTS (KOHA) | |
| Source of classification or shelving scheme | |
| Koha item type | Books |
| Withdrawn status | Lost status | Source of classification or shelving scheme | Damaged status | Not for loan | Collection code | Permanent location | Current location | Shelving location | Date acquired | Source of acquisition | Inventory number | Total Checkouts | Full call number | Barcode | Date last seen | Copy number | Price effective from | Koha item type | Date last checked out |
|---|---|---|---|---|---|---|---|---|---|---|---|---|---|---|---|---|---|---|---|
| Non-fiction | Bangladesh University of Business and Technology Library | Bangladesh University of Business and Technology Library | Law Stacks | 09/03/2023 | Purchase | 29661 | 346.54015/ R817c/ 2007 | BUBTL-200329661 | 09/13/2023 | C-1 | 09/13/2023 | Books | |||||||
| Non-fiction | Bangladesh University of Business and Technology Library | Bangladesh University of Business and Technology Library | Law Stacks | 09/03/2023 | Purchase | 29662 | 346.54015/ R817c/ 2007 | BUBTL-200329662 | 09/13/2023 | C-2 | 09/13/2023 | Books | |||||||
| Non-fiction | Bangladesh University of Business and Technology Library | Bangladesh University of Business and Technology Library | Law Stacks | 09/03/2023 | Purchase | 29663 | 346.54015/ R817c/ 2007 | BUBTL-200329663 | 09/13/2023 | C-3 | 09/13/2023 | Books | |||||||
| Non-fiction | Bangladesh University of Business and Technology Library | Bangladesh University of Business and Technology Library | Law Stacks | 09/03/2023 | Purchase | 29664 | 1 | 346.54015/ R817c/ 2007 | BUBTL-200329664 | 10/04/2023 | C-4 | 09/13/2023 | Books | 10/01/2023 | |||||
| Not For Loan | Non-fiction | Bangladesh University of Business and Technology Library | Bangladesh University of Business and Technology Library | Law Stacks | 09/03/2023 | Purchase | 29665 | 346.54015/ R817c/ 2007 | BUBTL-200329665 | 09/13/2023 | C-5 | 09/13/2023 | Books | ||||||
| Not For Loan | Non-fiction | Bangladesh University of Business and Technology Library | Bangladesh University of Business and Technology Library | Law Stacks | 09/03/2023 | Purchase | 29666 | 346.54015/ R817c/ 2007 | BUBTL-200329666 | 09/13/2023 | C-6 | 09/13/2023 | Books | ||||||
| Not For Loan | Non-fiction | Bangladesh University of Business and Technology Library | Bangladesh University of Business and Technology Library | Law Stacks | 09/03/2023 | Purchase | 29667 | 346.54015/ R817c/ 2007 | BUBTL-200329667 | 09/13/2023 | C-7 | 09/13/2023 | Books | ||||||
| Non-fiction | Bangladesh University of Business and Technology Library | Bangladesh University of Business and Technology Library | Law Stacks | 09/03/2023 | Purchase | 29668 | 346.54015/ R817c/ 2007 | BUBTL-200329668 | 09/13/2023 | C-8 | 09/13/2023 | Books | |||||||
| Non-fiction | Bangladesh University of Business and Technology Library | Bangladesh University of Business and Technology Library | Law Stacks | 09/03/2023 | Purchase | 29669 | 346.54015/ R817c/ 2007 | BUBTL-200329669 | 09/13/2023 | C-9 | 09/13/2023 | Books | |||||||
| Non-fiction | Bangladesh University of Business and Technology Library | Bangladesh University of Business and Technology Library | Law Stacks | 09/03/2023 | Purchase | 29670 | 346.54015/ R817c/ 2007 | BUBTL-200329670 | 09/13/2023 | C-10 | 09/13/2023 | Books | |||||||
| Non-fiction | Bangladesh University of Business and Technology Library | Bangladesh University of Business and Technology Library | Law Stacks | 09/03/2023 | Purchase | 29671 | 346.54015/ R817c/ 2007 | BUBTL-200329671 | 09/13/2023 | C-11 | 09/13/2023 | Books | |||||||
| Non-fiction | Bangladesh University of Business and Technology Library | Bangladesh University of Business and Technology Library | Law Stacks | 09/03/2023 | Purchase | 29672 | 346.54015/ R817c/ 2007 | BUBTL-200329672 | 09/13/2023 | C-12 | 09/13/2023 | Books | |||||||
| Non-fiction | Bangladesh University of Business and Technology Library | Bangladesh University of Business and Technology Library | Law Stacks | 09/03/2023 | Purchase | 29673 | 346.54015/ R817c/ 2007 | BUBTL-200329673 | 09/13/2023 | C-13 | 09/13/2023 | Books | |||||||
| Non-fiction | Bangladesh University of Business and Technology Library | Bangladesh University of Business and Technology Library | Law Stacks | 09/03/2023 | Purchase | 29674 | 346.54015/ R817c/ 2007 | BUBTL-200329674 | 09/13/2023 | C-14 | 09/13/2023 | Books | |||||||
| Non-fiction | Bangladesh University of Business and Technology Library | Bangladesh University of Business and Technology Library | Law Stacks | 09/03/2023 | Purchase | 29675 | 346.54015/ R817c/ 2007 | BUBTL-200329675 | 09/13/2023 | C-15 | 09/13/2023 | Books | |||||||
| Non-fiction | Bangladesh University of Business and Technology Library | Bangladesh University of Business and Technology Library | Law Stacks | 09/03/2023 | Purchase | 29676 | 346.54015/ R817c/ 2007 | BUBTL-200329676 | 09/13/2023 | C-16 | 09/13/2023 | Books | |||||||
| Non-fiction | Bangladesh University of Business and Technology Library | Bangladesh University of Business and Technology Library | Law Stacks | 09/03/2023 | Purchase | 29677 | 346.54015/ R817c/ 2007 | BUBTL-200329677 | 09/13/2023 | C-17 | 09/13/2023 | Books | |||||||
| Non-fiction | Bangladesh University of Business and Technology Library | Bangladesh University of Business and Technology Library | Law Stacks | 09/03/2023 | Purchase | 29678 | 346.54015/ R817c/ 2007 | BUBTL-200329678 | 09/13/2023 | C-18 | 09/13/2023 | Books | |||||||
| Non-fiction | Bangladesh University of Business and Technology Library | Bangladesh University of Business and Technology Library | Law Stacks | 09/03/2023 | Purchase | 29679 | 346.54015/ R817c/ 2007 | BUBTL-200329679 | 09/13/2023 | C-19 | 09/13/2023 | Books | |||||||
| Non-fiction | Bangladesh University of Business and Technology Library | Bangladesh University of Business and Technology Library | Law Stacks | 09/03/2023 | Purchase | 29680 | 346.54015/ R817c/ 2007 | BUBTL-200329680 | 09/13/2023 | C-20 | 09/13/2023 | Books |
